000 00550nam a2200169 i 4500
001 46803
003 ES-MaACL
005 20230906161441.0
007 t|
008 030401s1917 ie ||||1| eng d
100 1 _aConnolly, James.
_940206
245 1 0 _aLabour in Ireland
_b: labour in irish history : the re-conquest of Ireland /
_cby James Connolly ; with an introduction by Robert Lynd.
260 _aDublin :
_bMannsel and Comp.,
_c1917.
300 _aXXXVIII, 346 p. ;
_c19 cm.
700 1 _aLynd, Robert.
_974941
852 _aES-MaACL
_jF-8282
999 _c46803
_d46803